000 01102cam a2200325 i 4500
001 41625
003 Mx-PuUPA
005 20250625093000.0
008 140415s1999 mx a gr 000 0 spa d
020 _a9706610456
020 _a9789706610461
040 _aMx-PuUPA
_bspa
_cMx-PuUPA
_dMx-PuUPA
_erda
041 0 _aspa
043 _an-mx---
100 1 _aValle Talavera, Manuel del,
_915343
_eautor
245 1 0 _aEl milagro está en ti /
_cManuel del Valle Talavera
246 1 4 _aEpisodios guadalupanos : el milagro está en ti reconocerás tu nombre en esta obra.
250 _aSegunda edición /
_bjulio
264 1 _aMéxico, D.F. :
_bEDAMEX,
_c©1999
300 _a194 páginas :
_bilustraciones (en color) ;
_c21 cm
336 _2rdacontent
_atexto
_btxt
337 _2rdamedia
_asin medio
_bn
338 _2rdacarrier
_avolumen
_bnc
600 _aVirgen de Guadalupe
_xApariciones y milagros
_xHistoria
650 7 _2armarc
_aReligión y Estado
_zMéxico
942 _2ddc
_cLI
_h232.9170972
_iV35
999 _c41625
_d41625